[Event "Asian Continental-ch Open 2019"]
[Site "XingTai"]
[Date "2019.06.11"]
[Round "5.3"]
[White "Adhiban, B.."]
[Black "Karthik Venkataraman"]
[Result "1-0"]
[WhiteElo "2676"]
[BlackElo "2499"]
[Annotator "TA"]
[PlyCount "77"]
[EventDate "2019.06.06"]
[EventType "swiss"]
[EventCountry "CHN"]
[SourceTitle "playchess.com"]
[Source "ChessBase"]
[SourceQuality "1"]

{[%evp 10,77,38,17,40,33,47,34,42,48,42,33,86,81,108,60,65,0,61,55,128,93,101,94,87,77,82,88,76,68,97,97,100,97,112,86,98,100,99,101,95,70,95,75,96,106,99,84,83,61,58,52,174,174,193,188,192,198,202,200,275,278,253,253,267,266,296,296,307,299]} 1. e4 g6 2. d4 Bg7 3. Nc3 d6 4. f4 Nf6 5. Nf3 O-O 6. a3 Nc6 {B09: Pirc Defence: Austrian Attack} 7. Be2 Bg4 8. d5 Nb8 {White is slightly better.} 9. h3 Bc8 $146 ({Predecessor:} 9... Bxf3 10. Bxf3 c6 11. Be3 Nbd7 12. O-O Rc8 13. Bd4 Nb6 14. b3 {½-½ (63) Anand,V (2783)-Nepomniachtchi,I (2751) Saint Louis 2017}) 10. Be3 e6 {[#]} ({Black should play} 10... Nh5 $14) 11. dxe6 $1 $16 Bxe6 12. O-O Nc6 13. f5 (13. Qe1 $14) 13... Bc8 ({Better is} 13... gxf5 $11 14. exf5 Bxf5) 14. Qd2 $14 Nd7 (14... gxf5 $14 15. exf5 Bxf5) 15. Bg5 f6 16. Bc4+ Kh8 {...Nde5 is the strong threat.} 17. Be3 Nde5 18. Nxe5 Nxe5 19. Bb3 Bd7 20. fxg6 Nxg6 21. Rae1 Ne5 22. Nd5 Be6 23. Nf4 (23. Nxc7 $6 Bxb3 24. Nxa8 Bc4 $15) 23... Bxb3 24. cxb3 Qe8 25. Nd5 Qf7 26. Bh6 Qg6 27. Bxg7+ Qxg7 28. Re3 Rae8 29. Qf2 c6 30. Rg3 Qh6 {[#]} (30... Ng6 $14 31. Nf4 (31. Nxf6 Rxe4 32. Rf3 Re6 $11) 31... Qf7) 31. Ne3 $1 $18 Rf7 32. Nf5 $36 {[%mdl 2048] White is in control.} Qf8 33. Qxa7 Rd8 34. Qb6 d5 35. Nh6 {White has a decisive advantage.} Rg7 36. Rxg7 Kxg7 37. Nf5+ Kh8 38. exd5 cxd5 39. Nd4 {Accuracy: White = 71%, Black = 51%.} ({Don't play} 39. Qxb7 $6 d4 $18) 1-0

[Event "Asian Continental-ch Open 2019"]
[Site "XingTai"]
[Date "2019.06.11"]
[Round "5.4"]
[White "Jumabayev, Rinat"]
[Black "Zou, Chen"]
[Result "1-0"]
[WhiteElo "2625"]
[BlackElo "2415"]
[Annotator "TA"]
[PlyCount "83"]
[EventDate "2019.06.06"]
[EventType "swiss"]
[EventCountry "CHN"]
[SourceTitle "playchess.com"]
[Source "ChessBase"]
[SourceQuality "1"]

{[%evp 9,83,6,12,14,66,20,20,20,7,7,39,39,37,27,20,27,50,35,53,45,27,33,62,56,58,56,59,79,133,133,141,131,132,135,135,134,134,135,185,179,179,179,179,168,179,179,214,214,237,232,224,183,289,263,289,288,282,275,295,288,295,287,367,347,441,406,407,369,560,488,29964,29967,29968,29963,29968,11441]} 1. e4 e5 2. Nf3 Nf6 3. d4 Nxe4 4. dxe5 d5 5. Nbd2 Qd7 6. Be2 {C43: Petroff Defence: 3 d4} g6 $146 ({Black should play} 6... Be7 $11) ({Predecessor:} 6... Nc6 7. O-O Be7 8. c4 Nc5 9. a3 a5 10. cxd5 Qxd5 11. Bc4 Qd8 12. Qc2 Bg4 13. b3 {1-0 (34) Ponkratov,P (2630)-Kabanov,N (2447) Moscow 2019}) 7. Nxe4 (7. O-O {looks sharper.} Bg7 8. c4 Nxd2 9. Bxd2 d4 10. Bf4) 7... dxe4 8. Ng5 {The position is equal.} Qxd1+ 9. Bxd1 Bg7 10. Nxe4 Bxe5 11. O-O O-O 12. Re1 Nc6 13. c3 Bf5 14. Nc5 Rae8 {[#] White must now prevent ...Bd6!} 15. Be3 Nd8 16. Ba4 c6 17. Rad1 Re7 18. Nd3 {Hoping for Bc5.} Bxd3 {[#]} (18... Bc7 $142) 19. Bc5 $1 $36 {[%cal Rc5e7][%mdl 2112] Skewer. White has strong initiative.} ({Much worse is} 19. Rxd3 $6 Bf4 $11) 19... Bxh2+ 20. Kxh2 Rxe1 21. Rxe1 Ne6 22. Bxf8 Kxf8 {[%mdl 4096] Endgame KRB-KBN} 23. Rd1 Bc4 24. Bb3 Bxb3 25. axb3 $18 {KR-KN} Ke7 26. g4 Ng7 27. Re1+ Kd7 28. Kg3 h5 29. gxh5 Nxh5+ 30. Kg4 f6 (30... a5 $142 31. Kg5 Kd8) 31. f4 Ng7 32. Rh1 {Rh7 is the strong threat.} Ke6 33. Rh8 Nf5 34. Re8+ Kd7 35. Rb8 Nd6 36. Rg8 g5 37. fxg5 fxg5 38. Kxg5 Kc7 (38... Ne4+ $142 39. Kf5 Nd2) 39. Kf4 b5 (39... Nb5 $18 40. Ke4 Kb6) 40. Ke5 {White mates.} Nb7 41. b4 Kb6 42. Ke6 {Accuracy: White = 86%, Black = 38%.} 1-0

[Event "Asian Continental-ch Open 2019"]
[Site "XingTai"]
[Date "2019.06.11"]
[Round "5.6"]
[White "Lalith Babu M R"]
[Black "Narayanan.S.L"]
[Result "1-0"]
[WhiteElo "2571"]
[BlackElo "2603"]
[Annotator "TA"]
[PlyCount "73"]
[EventDate "2019.06.06"]
[EventType "swiss"]
[EventCountry "CHN"]
[SourceTitle "playchess.com"]
[Source "ChessBase"]
[SourceQuality "1"]

{[%evp 10,73,12,11,21,5,22,0,-5,0,0,0,22,0,12,10,30,38,64,60,80,4,5,6,6,10,7,7,14,26,26,18,16,0,36,22,27,25,47,44,41,33,83,81,176,115,183,162,281,275,279,242,390,338,723,313,577,576,1484,1399,4132,2181,29990,29991,29991,29992]} 1. c4 e5 2. Nc3 Nf6 3. Nf3 Nc6 4. g3 d5 5. cxd5 Nxd5 6. Bg2 Bc5 {A29: English Opening: Four Knights Variation with 4 g3} 7. O-O O-O 8. d3 Bb6 {The position is equal.} 9. Bd2 Nxc3 10. Bxc3 Re8 11. Nd2 $146 ({Predecessor:} 11. b4 Bg4 12. Nd2 Nd4 13. Bxd4 exd4 14. Re1 {1-0 (52) Nepomniachtchi,I (2751)-Aronian,L (2789) chess.com INT 2017}) 11... Bg4 12. Nc4 Nd4 13. Re1 c6 14. h3 Bf5 15. g4 ({Better is} 15. e3 $16 Nb5 16. Bxe5) 15... Be6 $11 16. e3 Nb5 17. Nxe5 Nxc3 18. bxc3 h5 19. d4 hxg4 20. Nxg4 Ba5 21. Qd3 Qh4 22. e4 Bxg4 23. hxg4 Qxg4 24. e5 Re6 {[#] ...Rg6 is the strong threat.} 25. Re3 Rd8 26. Rae1 {[%cal Ba1e1,Be1e4,Be4h4,Bh4h8,Bh8h5,Bh5f5,Bf5f8][%mdl 32]} Bc7 (26... Rh6 $16) 27. Rh3 ({White should play} 27. Rg3 $18 Qh5 28. Qb1) 27... Qg6 {[#]} (27... Rg6 $16 28. Rg3 Qh5) 28. Qf3 $1 $18 b5 (28... f5 {might work better.} 29. a4 Rf8) 29. Re4 a5 30. Kh2 b4 (30... Kf8 $142 31. Rg4 Qf6) 31. Reh4 {[%csl Gh3][%cal Rh4h8]} f5 $2 (31... Kf8 32. Rg3 Qc2 33. cxb4 Qc4) 32. Rh8+ Kf7 33. R8h5 {Hoping for Rg3.} bxc3 34. Rg3 Rxd4 35. Rxf5+ Kg8 36. Rf8+ Kh7 37. Rh3+ {Accuracy: White = 84%, Black = 33%.} 1-0

[Event "Asian Continental-ch Open 2019"]
[Site "XingTai"]
[Date "2019.06.11"]
[Round "5.7"]
[White "Praggnanandhaa R"]
[Black "Aravindh, Chithambaram VR."]
[Result "1/2-1/2"]
[WhiteElo "2537"]
[BlackElo "2598"]
[Annotator "TA"]
[PlyCount "55"]
[EventDate "2019.06.06"]
[EventType "swiss"]
[EventCountry "CHN"]
[SourceTitle "playchess.com"]
[Source "ChessBase"]
[SourceQuality "1"]

{[%evp 25,55,0,0,-2,-2,-7,-9,-1,0,0,0,-6,0,0,0,0,0,-7,-10,-3,0,0,0,0,0,0,0,0,0,0,0,0]} 1. Nf3 Nf6 2. g3 g6 3. b3 b6 4. Bb2 Bg7 5. Bg2 Bb7 6. O-O O-O 7. c4 c5 8. Nc3 d5 9. Nxd5 Nxd5 10. Bxg7 Kxg7 11. cxd5 Qxd5 12. d4 Na6 13. dxc5 Nxc5 {The position is equal.} 14. Qc1 {A30: Symmetrical English: Double Fianchetto and Hedgehog} Rfd8 15. Rd1 Qxd1+ 16. Qxd1 Rxd1+ 17. Rxd1 Rc8 18. Ne5 Bxg2 (18... Rc7 {seems wilder.} 19. Rc1 Ba6 20. Rc2 f6 21. Nc6 Bb5) 19. Kxg2 $11 {[%mdl 4096] Endgame KRN-KRN} f6 20. Nc4 {[#]} f5 $146 ({Predecessor:} 20... Kf7 21. Kf3 Ke6 22. Rd4 Nb7 {½-½ (31) Grachev,B (2673)-Fedorchuk,S (2673) Bol 2014}) 21. Kf3 Kf6 22. g4 Ke6 23. gxf5+ gxf5 24. Ne3 Kf6 25. Nd5+ Kf7 26. Ne3 Kf6 27. Nd5+ Kf7 28. Ne3 {Accuracy: White = 73%, Black = 81%.} 1/2-1/2

[Event "Asian Continental-ch Open 2019"]
[Site "XingTai"]
[Date "2019.06.11"]
[Round "5.8"]
[White "Liu, Yan"]
[Black "Xu, Xiangyu"]
[Result "1/2-1/2"]
[WhiteElo "2504"]
[BlackElo "2583"]
[Annotator "TA"]
[PlyCount "42"]
[EventDate "2019.06.06"]
[EventType "swiss"]
[EventCountry "CHN"]
[SourceTitle "playchess.com"]
[Source "ChessBase"]
[SourceQuality "1"]

{[%evp 17,42,31,34,33,16,0,0,0,17,3,31,7,11,0,0,3,1,0,0,0,0,0,0,0,0,0,0]} 1. Nf3 Nf6 2. c4 c6 3. d4 d5 4. Nc3 e6 5. e3 Nbd7 6. Qc2 Bd6 7. Bd3 O-O 8. O-O e5 9. cxd5 cxd5 10. Nb5 {D46: Semi-Slav: 5 e3 Nbd7 6 Bd3, Black avoids the Meran} Bb8 {[#] White must now prevent ...e4.} 11. Nxe5 Nxe5 12. dxe5 Bxe5 13. Bd2 a6 14. Nd4 {[#]} Ne4 $146 {The position is equal.} ({Predecessor:} 14... Re8 15. Rac1 Ne4 16. Bc3 Nxc3 17. Qxc3 Qd6 {½-½ (32) So,W (2760)-Anand,V (2803) Bilbao 2015}) 15. Bxe4 dxe4 16. Qxe4 Re8 {[#] Hoping for ...Bxh2+!} 17. Qd3 Bd7 {...Bb5! is the strong threat.} 18. Rfe1 Bb5 19. Qf5 Bxd4 20. exd4 Qxd4 21. Bc3 Qd6 1/2-1/2

[Event "Asian Continental-ch Open 2019"]
[Site "XingTai"]
[Date "2019.06.11"]
[Round "5.9"]
[White "Chanda, Sandipan"]
[Black "Le, Quang Liem"]
[Result "0-1"]
[WhiteElo "2511"]
[BlackElo "2694"]
[Annotator "TA"]
[PlyCount "122"]
[EventDate "2019.06.06"]
[EventType "swiss"]
[EventCountry "CHN"]
[SourceTitle "playchess.com"]
[Source "ChessBase"]
[SourceQuality "1"]

{[%evp 11,122,26,22,9,18,0,27,0,0,-20,-6,0,0,0,0,0,0,0,18,0,21,0,26,33,17,0,0,0,0,0,0,-24,-26,-26,-26,-26,-20,-26,-20,-27,-36,-41,-28,-47,-50,-56,-50,-77,-75,-73,-77,-85,-91,-85,-88,-85,-85,-94,-75,-75,-75,-75,-76,-83,-33,-116,-91,-94,-95,-160,-147,-225,-225,-225,-225,-260,-225,-1380,-1248,-1347,-1180,-1747,-1566,-1585,-1310,-1759,-1903,-1910,-1877,-4491,-3676,-4082,-2415,-9255,-7766,-29936,-11428,-5604,-1617,-2385,-2089,-29959,-29959,-29953,-29954,-29936,-29936,-12593,-12640,-7100,-6005,-4627,-4625]} 1. d4 Nf6 2. c4 e6 3. g3 d5 4. Bg2 dxc4 5. Nf3 Bb4+ 6. Bd2 a5 7. e3 {E04: Open Catalan: 5 Nf3} (7. a3 Bxd2+ 8. Nbxd2 b5 9. b3 cxb3 10. Qxb3 c6 11. O-O O-O 12. Rfc1 Bb7 13. Qb2 Nbd7 14. Ne1 Qb8 {0-1 (55) Bluebaum,M (2620)-Anand,V (2773) Germany 2019}) 7... O-O 8. Ne5 $146 ({Predecessor:} 8. O-O Nc6 9. a3 Bd6 10. Nc3 e5 11. d5 Ne7 12. e4 c6 13. Bg5 cxd5 14. Bxf6 gxf6 {1-0 (36) Melville,C (1901)-Maser,T (1985) San Francisco 2016}) 8... c5 9. a3 {White has an edge.} Bxd2+ 10. Nxd2 cxd4 11. exd4 Ra6 12. O-O Qxd4 13. Ndxc4 Qc5 14. Qe2 Qe7 15. Rac1 Nd5 16. Ne3 Nd7 17. Nxd7 Qxd7 18. Rcd1 {[%cal Re3d5]} Rd6 {[%cal Ba6d6,Bd6d8,Bd8c8,Bc8c5][%mdl 32]} 19. Nc4 Qb5 20. Qe5 Rdd8 21. Nd6 Qc5 22. Nxc8 Rxc8 23. Bxd5 Rfd8 {[%cal Rd8d5][%mdl 64] Pin} 24. Rfe1 {aiming for b4.} exd5 25. Rd2 Qb5 26. Red1 {[%cal Rd2d5]} Rc5 27. b4 axb4 28. axb4 Qxb4 {[#]} 29. Qe7 $1 {[%cal Re7d8][%mdl 512]} Rf8 {[#]} 30. Rc2 $1 {[%mdl 512]} Qg4 (30... Rxc2 31. Qxb4) 31. Rxc5 Qxd1+ $17 {[%mdl 4096] Endgame KQR-KQR} 32. Kg2 Qd4 33. Rc7 b6 {[%cal Bb7b6,Bb6c5,Bc5c4,Bc4c3][%mdl 32]} 34. Rb7 Qc5 (34... h5 {is more complex.} 35. Qe2 g6 36. Qe7 Qc5 37. Qf6 b5) 35. Qxc5 bxc5 {KR-KR} 36. Rd7 Rc8 37. Rxd5 c4 38. Rd2 (38. Kf3 $1 $15) 38... h5 39. Kf3 Kh7 $1 40. Rc2 (40. Ke2 $142) 40... Kg6 $1 41. Ke4 (41. Ke2 $17) 41... Kg5 $1 $19 42. h3 c3 43. Ke5 f6+ 44. Ke6 $2 {[#]} (44. Kd4 Kf5 45. Kd3) 44... h4 $1 {[%cal Rh4g3]} 45. f4+ Kg6 46. g4 {[#]} Re8+ $1 47. Kd5 Re3 48. Rh2 f5 49. Kd4 Rg3 50. g5 Rf3 51. Ke5 Re3+ 52. Kd5 Rd3+ 53. Ke5 Rd2 54. Rh1 Re2+ (54... c2 $142 55. Rc1 Rf2) 55. Kd6 Re4 56. Rf1 c2 57. Rc1 Rxf4 58. Rxc2 Rf3 59. Ke5 Kxg5 {Black is clearly winning.} 60. Rh2 Re3+ 61. Kd4 Kf4 {Accuracy: White = 41%, Black = 81%.} 0-1

[Event "Asian Continental-ch Open 2019"]
[Site "XingTai"]
[Date "2019.06.11"]
[Round "5.10"]
[White "Maghsoodloo, Parham"]
[Black "Wan, Yunguo"]
[Result "1/2-1/2"]
[WhiteElo "2665"]
[BlackElo "2531"]
[Annotator "RC"]
[PlyCount "208"]
[EventDate "2019.06.06"]
[EventType "swiss"]
[EventCountry "CHN"]
[SourceTitle "playchess.com"]
[Source "ChessBase"]
[SourceQuality "1"]
[TimeControl "40/5400+30:1800+30"]

1. c4 {[%emt 0:00:36]} Nf6 {[%emt 0:00:13]} 2. Nf3 {[%emt 0:00:46]} g6 {[%emt 0:01:23]} 3. b3 {[%emt 0:00:27]} Bg7 {[%emt 0:02:24]} 4. Bb2 {[%emt 0:00:08]} c5 {[%emt 0:05:29]} 5. g3 {[%emt 0:00:28]} b6 {[%emt 0:00:32]} 6. Bg2 {[%emt 0:00:21]} Bb7 {[%emt 0:00:05]} 7. O-O {[%emt 0:00:07]} O-O {[%emt 0:00:04]} 8. d4 {[%emt 0:03:27]} cxd4 {[%emt 0:00:09]} 9. Qxd4 {[%emt 0:00:21]} d6 {[%emt 0:03:56]} 10. Rd1 {[%emt 0:06:12]} Nbd7 {[%emt 0:02:05]} 11. Ne1 {[%emt 0:06:36]} Qb8 {[%emt 0:12:08]} 12. Nc3 {[%emt 0:20:11]} Ne4 {[%emt 0:14:20]} 13. Qe3 {[%emt 0:02:18]} Nxc3 {[%emt 0:00:11]} 14. Bxc3 {[%emt 0:00:09]} Bxc3 {[%emt 0:00:20]} 15. Qxc3 {[%emt 0:00:07]} Nf6 {[%emt 0:00:11]} 16. Qe3 {[%emt 0:03:21]} Re8 {[%emt 0:11:14]} 17. a4 {[%emt 0:03:39]} Bxg2 {[%emt 0:01:44]} 18. Nxg2 {[%emt 0:00:08]} Qb7 {[%emt 0:00:16]} 19. Nf4 {[%emt 0:01:01]} Rac8 {[%emt 0:08:41]} 20. f3 {[%emt 0:04:15]} Rc5 {[%emt 0:03:02]} 21. Qd2 {[%emt 0:00:43]} a6 {[%emt 0:03:43]} 22. e4 {[%emt 0:04:11]} Rec8 {[%emt 0:01:00]} 23. Nd3 {[%emt 0:03:30]} R5c7 {[%emt 0:00:58]} 24. Qe3 {[%emt 0:00:42]} Nd7 {[%emt 0:02:37]} 25. Nb4 {[%emt 0:00:44]} Nf6 {[%emt 0:02:08]} 26. Kg2 {[%emt 0:02:27]} Rc5 {[%emt 0:05:43]} 27. Rd2 {[%emt 0:03:46]} Ra5 {[%emt 0:02:14]} 28. Rda2 {[%emt 0:05:46]} Qc7 {[%emt 0:03:51]} 29. Qd2 {[%emt 0:03:22]} Qd8 {[%emt 0:05:49]} 30. Rc1 {[%emt 0:04:47]} Nd7 {[%emt 0:01:25]} 31. Rb2 {[%emt 0:01:20]} Ne5 {[%emt 0:01:48]} 32. Rbc2 {[%emt 0:05:18]} h5 {[%emt 0:01:06]} 33. h3 {[%emt 0:02:35]} Kh7 {[%emt 0:00:39]} 34. g4 {[%emt 0:02:49]} h4 {[%emt 0:01:26]} 35. g5 {[%emt 0:02:35]} e6 {[%emt 0:01:35]} 36. f4 {[%emt 0:00:01]} Nc6 {[%emt 0:00:21]} 37. Rd1 {[%emt 0:02:20]} Nxb4 {[%emt 0:01:15]} 38. Qxb4 {[%emt 0:00:01]} Rac5 {[%emt 0:00:38]} 39. Rcd2 {[%emt 0:00:26]} R8c6 {[%emt 0:00:29]} 40. Kf3 {[%emt 0:00:00]} e5 {[%emt 0:00:00]} 41. Rd5 {[%emt 0:01:27]} Qc8 {[%emt 0:06:46]} 42. Kg2 {[%emt 0:03:53]} exf4 {[%emt 0:00:50]} 43. Qe1 {[%emt 0:01:32]} f3+ {[%emt 0:00:35]} 44. Kh2 {[%emt 0:00:06]} b5 {[%emt 0:01:16]} 45. Qxh4+ {[%emt 0:12:03]} Kg8 {[%emt 0:00:20]} 46. Qf4 {[%emt 0:08:14]} bxc4 {[%emt 0:12:08]} 47. bxc4 {[%emt 0:02:34]} Rxd5 {[%emt 0:03:55]} 48. Rxd5 {[%emt 0:04:23]} Rxc4 {[%emt 0:00:12]} 49. Rxd6 {[%emt 0:01:24]} Rc2+ {[%emt 0:05:39]} 50. Kg3 {[%emt 0:00:06]} f2 {[%emt 0:01:39]} 51. Rd3 {[%emt 0:02:52]} Qe8 {[%emt 0:02:43]} 52. Kg2 {[%emt 0:03:25]} Re2 {[%emt 0:01:05]} 53. Rd4 {[%emt 0:00:12]} Qe6 {[%emt 0:01:29]} 54. Qf6 {[%emt 0:01:57]} Qxf6 {[%emt 0:00:37]} 55. gxf6 {[%emt 0:00:01]} g5 {[%emt 0:00:21]} 56. Kf1 {[%emt 0:00:30]} Ra2 {[%emt 0:00:14]} 57. e5 {[%emt 0:00:52]} Kh7 {[%emt 0:00:33]} 58. Rg4 {[%emt 0:00:49]} Kh6 {[%emt 0:00:52]} 59. h4 {[%emt 0:00:34]} Rb2 {[%emt 0:00:31]} 60. Rxg5 {[%emt 0:00:30]} Rb4 {[%emt 0:00:05]} 61. Rf5 {[%emt 0:00:19]} Kg6 {[%emt 0:00:31]} 62. Rg5+ {[%emt 0:00:41]} Kh6 {[%emt 0:00:02]} 63. Rg7 {[%emt 0:00:30]} Re4 {[%emt 0:00:02]} 64. Rxf7 {[%emt 0:00:26]} Rxe5 {[%emt 0:00:05]} 65. Ra7 {[%emt 0:00:28]} a5 {[%emt 0:00:38]} 66. Kxf2 {[%emt 0:00:13]} Kg6 {[%emt 0:01:36]} 67. f7 {[%emt 0:00:17]} Kg7 {[%emt 0:00:01]} 68. Kf3 {[%emt 0:00:20]} Rc5 {[%emt 0:00:06]} 69. Kf2 {[%emt 0:01:14]} Kf8 {[%emt 0:01:00]} 70. Kg2 {[%emt 0:00:11]} Rh5 {[%emt 0:00:41]} 71. Kg3 {[%emt 0:00:39]} Rc5 {[%emt 0:00:05]} 72. Kf3 {[%emt 0:00:05]} Rc3+ {[%emt 0:00:12]} 73. Ke2 {[%emt 0:00:17]} Rc5 {[%emt 0:00:04]} 74. Kd3 {[%emt 0:00:04]} Rh5 {[%emt 0:00:26]} 75. Kc4 {[%emt 0:00:04]} Kg7 {[%emt 0:00:38]} 76. Rc7 {[%emt 0:00:54]} Kf8 {[%emt 0:00:04]} 77. Rd7 {[%emt 0:00:18]} Kg7 {[%emt 0:00:04]} 78. f8=Q+ {[%emt 0:02:01]} Kxf8 {[%emt 0:00:05]} 79. Rd5 {[%emt 0:00:03]} Rxh4+ {[%emt 0:00:14]} 80. Kb5 {[%emt 0:00:03]} Ke7 {[%emt 0:00:38]} 81. Kxa5 {[%emt 0:00:03]} Ke6 {[%emt 0:02:03]} 82. Rd1 {[%emt 0:00:56]} Rh2 {[%emt 0:00:21]} 83. Kb4 {[%emt 0:00:23]} Rb2+ {[%emt 0:00:16]} 84. Kc4 {[%emt 0:00:24]} Rc2+ {[%emt 0:00:35]} 85. Kb4 {[%emt 0:01:14]} Rb2+ {[%emt 0:00:15]} 86. Kc4 {[%emt 0:00:46]} Rc2+ {[%emt 0:00:05]} 87. Kb3 {[%emt 0:00:03]} Rc6 {[%emt 0:00:15]} 88. a5 {[%emt 0:00:42]} Rd6 {[%emt 0:01:02]} 89. Ra1 {[%emt 0:00:01]} Ra6 {[%emt 0:02:22]} 90. Kb4 {[%emt 0:00:18]} Kd7 {[%emt 0:00:47]} 91. Kb5 {[%emt 0:00:19]} Ra8 {[%emt 0:00:09]} 92. a6 {[%emt 0:00:03]} Rb8+ {[%emt 0:00:47]} 93. Ka5 {[%emt 0:00:05]} Rh8 {[%emt 0:00:35]} 94. Rc1 {[%emt 0:02:34]} Rh2 {[%emt 0:00:10]} 95. a7 {[%emt 0:00:15]} Ra2+ {[%emt 0:00:14]} 96. Kb6 {[%emt 0:00:01]} Rb2+ {[%emt 0:00:06]} 97. Kc5 {[%emt 0:00:24]} Ra2 {[%emt 0:00:17]} 98. Rh1 {[%emt 0:00:55]} Kc8 {[%emt 0:00:19]} 99. Rh7 {[%emt 0:00:26]} Ra1 {[%emt 0:00:13]} 100. Re7 {[%emt 0:00:25]} Rc1+ {[%emt 0:00:16]} 101. Kd5 {[%emt 0:00:14]} Rd1+ {[%emt 0:00:11]} 102. Kc4 {[%emt 0:00:13]} Ra1 {[%emt 0:00:10]} 103. Rg7 {[%emt 0:00:13]} Ra2 {[%emt 0:00:07]} 104. Kb5 {[%emt 0:00:08]} Rb2+ {[%emt 0:00:19]} 1/2-1/2

[Event "Asian Continental-ch Open 2019"]
[Site "XingTai"]
[Date "2019.06.11"]
[Round "5.11"]
[White "Xu, Yinglun"]
[Black "Nguyen, Ngoc Truong Son"]
[Result "1/2-1/2"]
[WhiteElo "2548"]
[BlackElo "2639"]
[Annotator "TA"]
[PlyCount "46"]
[EventDate "2019.06.06"]
[EventType "swiss"]
[EventCountry "CHN"]
[SourceTitle "playchess.com"]
[Source "ChessBase"]
[SourceQuality "1"]

{[%evp 18,19,33,22]} 1. d4 Nf6 2. c4 e6 3. Nf3 d5 4. Nc3 Be7 5. Bg5 h6 6. Bxf6 Bxf6 7. e3 O-O 8. Rc1 c6 9. Bd3 Nd7 10. O-O {Predecessor:} dxc4 $146 11. Bxc4 e5 12. Bb3 exd4 13. exd4 Re8 14. h3 Nb6 15. Re1 Bf5 16. g4 Bg6 17. Rxe8+ Qxe8 18. Qd2 Qd7 19. Qf4 Re8 20. Rd1 Qc8 21. Ne5 Bxe5 22. dxe5 Rd8 23. Rd4 Qc7 {1-0 (43) Radjabov,T (2751)-Sargissian,G (2691) Batumi 2018} 1/2-1/2

[Event "Asian Continental-ch Open 2019"]
[Site "XingTai"]
[Date "2019.06.12"]
[Round "6.1"]
[White "Karthikeyan, Murali"]
[Black "Adhiban, B.."]
[Result "1-0"]
[WhiteElo "2593"]
[BlackElo "2676"]
[Annotator "TA"]
[PlyCount "65"]
[EventDate "2019.06.06"]
[EventType "swiss"]
[EventCountry "CHN"]
[SourceTitle "playchess.com"]
[Source "ChessBase"]
[SourceQuality "1"]

{[%evp 10,71,-6,-12,-12,-21,-12,-12,8,7,-2,0,0,-34,0,-5,0,-5,0,-35,0,0,13,18,33,22,43,0,0,0,0,0,0,0,10,12,22,0,0,0,90,89,89,87,144,69,68,68,485,441,477,463,468,458,535,541,526,546,535,537,537,537,537,537]} 1. e4 e5 2. Nf3 Nc6 3. Bb5 a6 4. Bxc6 dxc6 5. Nc3 f6 6. d3 Ne7 {C68: Ruy Lopez: Exchange Variation, sidelines} (6... Be6 7. d4 Bg4 8. dxe5 Qxd1+ 9. Nxd1 Bxf3 10. gxf3 fxe5 11. f4 exf4 12. Bxf4 O-O-O 13. f3 Nf6 14. Nf2 {1-0 (47) Rozentalis,E (2513)-Xylogiannopoulos,A (2279) Anogia 2017}) 7. Be3 Ng6 8. Qe2 $146 ({Predecessor:} 8. Qd2 c5 9. h4 Bd6 10. h5 Ne7 11. Nh4 Bg4 12. Nf3 Qd7 13. Ng1 O-O-O {1-0 (33) Tenreyro Mauri,L (2104)-Rovira Cruz,L (1974) Caracas 2014}) 8... c5 {The position is equal.} 9. Nd2 Be6 10. a4 Qd7 11. g3 O-O-O 12. a5 h5 13. h4 Bd6 14. f3 Qc6 15. Nc4 Nf8 16. Nxd6+ Qxd6 17. Qf2 Nd7 18. Na4 {[%cal Re3c5]} c4 19. dxc4 Bxc4 20. b3 Bb5 21. Nc3 Qb4 22. Bd2 $1 Qd4 23. Qxd4 exd4 24. Nd5 Rde8 (24... Ne5 $11 {keeps the balance.} 25. Kf2 Rhe8) 25. Bf4 $16 Ne5 {[#]} 26. Kf2 $1 c5 ({Black should try} 26... Bc6) 27. Rad1 (27. Rhd1 $16) 27... f5 $14 28. exf5 {Rhe1 is the strong threat.} Nxf3 $2 {[%mdl 8192]} ({Better is} 28... Bc6 $14 29. c4 Rhf8) 29. Kxf3 {White is clearly winning.} Be2+ 30. Kf2 Bxd1 31. Rxd1 Rhf8 {[#]} 32. f6 $1 gxf6 33. Nb6+ {Played: Bf4-d6} 1-0

[Event "Asian Continental-ch Open 2019"]
[Site "XingTai"]
[Date "2019.06.12"]
[Round "6.2"]
[White "Sethuraman, S.P."]
[Black "Jumabayev, Rinat"]
[Result "1-0"]
[WhiteElo "2613"]
[BlackElo "2625"]
[Annotator "TA"]
[PlyCount "107"]
[EventDate "2019.06.06"]
[EventType "swiss"]
[EventCountry "CHN"]
[SourceTitle "playchess.com"]
[Source "ChessBase"]
[SourceQuality "1"]

{[%evp 13,107,36,39,41,49,48,36,37,41,34,35,31,31,35,35,45,38,18,27,10,26,16,18,16,14,14,24,29,31,15,44,39,110,49,42,40,45,46,37,31,49,6,7,4,37,46,117,106,194,183,189,187,193,202,197,202,195,187,191,176,208,198,204,199,241,244,265,286,286,257,275,244,272,235,363,345,551,551,536,505,486,462,600,574,524,498,820,833,1543,1566,875,1120,5422,4849,5859,5747]} 1. e4 e5 2. Nf3 Nc6 3. Bc4 Nf6 4. d3 Be7 5. O-O O-O 6. Re1 d6 7. a4 Kh8 8. h3 {C55: Two Knights: 4 d3, 4 d4 exd4 5 e5 and Max Lange Attack} Ng8 9. Nc3 f5 10. Nd5 {White is slightly better.} fxe4 11. dxe4 Qd7 $146 ({Predecessor:} 11... Nf6 12. a5 a6 13. Ra3 Be6 14. Nxf6 Bxc4 15. Nd5 Bb5 {½-½ (67) Caruana,F (2822)-Grischuk,A (2766) Saint Louis 2018}) 12. a5 a6 13. b4 Bd8 14. Ra3 Qe8 15. Nh2 Be6 16. Bd2 Nf6 17. Nxf6 Bxf6 18. Bxe6 Qxe6 19. Qb1 Rad8 20. Nf3 Be7 21. Rd3 Qc4 22. Qb3 d5 (22... Qxb3 $14 23. Rxb3 Ra8) 23. Rxd5 (23. b5 $16 Qxb3 24. cxb3) 23... Qxb3 $14 24. cxb3 Rxd5 25. exd5 Nxb4 26. Rxe5 Bd6 27. Rg5 (27. Bxb4 $5 Bxb4 28. Re4 Bxa5 29. b4 $14) 27... h6 28. Rh5 Rd8 29. Ng5 $36 {[%mdl 2048] [#] aiming for Nf7+. White is more active.} Rd7 ({Black should try} 29... Kg8 $1 $14 30. Ne4 Nd3) 30. Ne4 $16 Nxd5 (30... Nd3 $16) 31. Rxd5 $18 Bh2+ 32. Kxh2 Rxd5 33. b4 b6 34. Kg3 Kg8 35. Kf4 Kf7 36. g4 Ke6 37. Ke3 g6 38. f4 bxa5 39. bxa5 c5 40. Bc3 c4 {intending ...Rd3+.} 41. Nf2 Kf7 42. Ke4 Ke6 43. Be1 h5 (43... Kd6 {might work better.} 44. h4 h5 45. gxh5 Rxh5) 44. Bc3 h4 (44... Rb5 $142 45. Kd4 Rb1 46. Kxc4 Rg1 47. f5+ gxf5) 45. Be1 {White is clearly winning.} Rb5 46. Kd4 Rb1 {[#]} 47. Bd2 $1 c3 48. Bxc3 Rf1 49. Ke3 Kd5 (49... Rc1 $142 50. Ne4 Rf1 51. Ng5+ Kd5) 50. f5 gxf5 51. gxf5 Rc1 52. Ne4 Rh1 53. Ng5 Rc1 54. Bg7 {Accuracy: White = 80%, Black = 50%.} 1-0